LIBRARY & INFORMATION CENTRE, KCAET, TAVANUR

ONLINE PUBLIC ACCESS CATALOGUE (OPAC)

Carib sands / (Record no. 12343)

MARC details
000 -LEADER
fixed length control field 00360cam a2200145ua 4500
041 ## - LANGUAGE CODE
Language code of text/sound track or separate title eng
082 ## - DEWEY DECIMAL CLASSIFICATION NUMBER
Classification number 823.308
Item number KEL/CA
100 ## - MAIN ENTRY--AUTHOR NAME
Personal name YTerns, Kelly .
245 ## - TITLE STATEMENT
Title Carib sands /
260 ## - PUBLICATION, DISTRIBUTION, ETC. (IMPRINT)
Place of publication London :
Name of publisher MacMillan and Company Limited ,
Year of publication 1964.
300 ## - PHYSICAL DESCRIPTION
Number of Pages 268 ; .
942 ## - ADDED ENTRY ELEMENTS (KOHA)
Koha item type Books
Holdings
Withdrawn status Lost status Damaged status Home library Current library Date acquired Cost, normal purchase price Full call number Accession Number Koha item type Public note
Withdrawn     KAUAET Sanskrit University 07/04/2012 22.60 823.308 6951 Books Transferred to Sanskrit University
free website counter